WSZYSTKIE MIASTA W POWIECIE KŁODZKIM - Statystyki

Ogólne statystyki
  • Ten quiz został rozwiązany 92 razy
  • Średni wynik to 9 z 11
Statystyki odpowiedzi
MIASTO % Poprawnych
KŁODZKO
99%
KUDOWA-ZDRÓJ
86%
LĄDEK-ZDRÓJ
86%
BYSTRZYCA KŁODZKA
84%
POLANICA ZDRÓJ
84%
NOWA RUDA
83%
DUSZNIKI-ZDRÓJ
78%
STRONIE ŚLĄSKIE
71%
MIEDZYLESIE
70%
SZCZYTNA
57%
RADKÓW
54%
Nie znaleziono quizów pasujących do podanych kryteriów
Rozkład punktacji
Procent ludzi z każdym wynikiem
Percentyl według liczby udzielonych odpowiedzi
Twoja historia wyników
Nie rozwiązałeś tego quizu